[Event "94th FRA-ch Women 2019"]
[Site "Chartres"]
[Date "2019.08.17"]
[Round "1.1"]
[White "Broly, Mathilde"]
[Black "Milliet, Sophie"]
[Result "1/2-1/2"]
[WhiteElo "2177"]
[BlackElo "2397"]
[Annotator "TA"]
[PlyCount "148"]
[EventDate "2019.08.17"]
[EventType "tourn"]
[EventCountry "FRA"]
[SourceTitle "playchess.com"]
[Source "ChessBase"]
[SourceQuality "1"]

{[%evp 13,148,2,0,17,7,0,4,-52,-50,-56,-9,-37,-20,-29,-13,-130,-34,-103,-95,-132,-95,-139,-108,-131,-134,-139,-145,-129,-136,-144,-66,-190,-141,-197,-183,-273,-271,-241,-177,-229,-195,-196,-133,-134,-101,-136,-122,-115,-94,-103,-83,-208,-109,-244,-242,-241,-235,-204,-126,-110,0,-193,-162,-213,-194,-304,-322,-425,-431,-398,-395,-666,-661,-657,-654,-681,-453,-437,-437,-456,-445,-443,-419,-412,-337,-288,-94,-99,144,172,493,291,420,417,397,403,1131,322,304,237,218,141,190,184,157,69,85,68,68,68,68,68,68,68,69,66,68,62,56,0,0,0,0,0,0,0,0,0,8,0,0,0,0,0,0,0,0]} 1. c4 Nf6 2. Nc3 e5 3. g3 d5 4. cxd5 Nxd5 5. Bg2 Nb6 6. Nf3 Nc6 7. d3 Be7 8. a3 {A29: English Opening: Four Knights Variation with 4 g3} (8. O-O O-O 9. Be3 Be6 10. Rc1 Nd5 11. Nxd5 Bxd5 12. Qc2 Re8 13. a3 a6 14. Rfd1 Bf6 15. Nd2 Bxg2 16. Kxg2 Bg5 17. Bxg5 Qxg5 18. e3 {1-0 (57) So,W (2778)-Giri,A (2782) Leuven 2018}) 8... Be6 9. Be3 Nd4 {With the idea ...Bb3.} 10. Bxd4 ({Better is} 10. O-O $11) 10... exd4 $15 11. Ne4 c5 $146 (11... f5 $5 {[%cal Rf5e4]} 12. Ned2 O-O $15) ({Predecessor:} 11... a5 12. Rc1 a4 13. O-O O-O 14. Qd2 c6 15. h4 h6 {½-½ (23) Daudzvardis,J (2142)-Hoeksema,H (2405) Groningen 2004}) 12. O-O O-O 13. Rc1 Rc8 14. b3 (14. b4 $11 {keeps the balance.}) 14... h6 (14... f5 $1 $17 {[%cal Rf5e4]} 15. Ned2 Nd5) 15. Qc2 (15. b4 $1 $15) 15... Nd5 16. Qb2 a5 17. Rfe1 b5 {[%cal Bb7b5,Bb5b4][%mdl 32]} 18. Ned2 Re8 19. e4 Nc3 20. Nb1 b4 $1 21. a4 f5 (21... g5 $17 22. Nbd2 g4) 22. Bh3 (22. Nbd2 $15) 22... Bg5 $1 $19 {[%cal Rg5c1]} 23. Nxg5 (23. Nbd2 $17 {was necessary.}) 23... Qxg5 24. Bg2 (24. exf5 $142 Bd5 25. Bg2 Qxf5 26. Qc2) 24... f4 25. Nd2 fxg3 26. hxg3 (26. fxg3 $142 Re7 27. e5) 26... Rf8 27. Nf1 Bg4 ({Black should play} 27... Rce8 $1 $19 28. Qc2 Qh5) 28. f4 $17 Qh5 29. Rc2 Rce8 30. Rf2 Nd1 31. Rxd1 Bxd1 32. e5 {[#]} (32. Qb1 $17) 32... Bg4 (32... g5 $1 $19 {Threatens to win with ...gxf4.} 33. Bd5+ Kg7) 33. Nd2 (33. Qc2 $17) 33... Bf5 $19 34. Qc2 Qg6 35. Rf3 Bg4 36. Rf2 Bf5 (36... Be6 $17 37. Ne4 Rc8) 37. Rf3 $1 Rd8 38. Nc4 (38. Qxc5 {might work better.} Bg4 39. Rf2) 38... Bg4 39. Rf2 (39. Rf1 $142) 39... Be6 40. Kh2 Qh5+ 41. Kg1 Qg4 42. Qe2 $2 (42. Kh2 g5 43. f5 Rxf5 44. Rxf5 Qxf5 45. Nxa5) 42... Qxg3 43. Qf3 Qxf3 44. Rxf3 g5 45. Nxa5 Bd5 46. Rf1 Rxf4 47. Bxd5+ Rxd5 {[%mdl 4096] Endgame KRR-KRN} 48. Re1 Rf3 49. Nc6 Kf8 $2 ({But not} 49... Rxd3 $2 50. Ne7+ Kf7 51. Nxd5 $18) (49... Kg7 $19 50. a5 Rf8) 50. a5 $17 {[#] White wants to play a6.} Ke8 $2 (50... Rg3+ $1 $17 51. Kh1 Rh3+ 52. Kg2 Rxd3) 51. a6 $16 {Black must now prevent a7.} Rf7 $2 (51... Rd7) 52. a7 (52. e6 $142 Rc7 53. a7 Rxa7 54. Nxa7) 52... Rd8 (52... Rxa7 {was worth a try.} 53. Nxa7 Rd7) 53. Nxd8 Rxa7 $18 {KRN-KR} 54. Ne6 Ra5 (54... Ke7 $142) 55. Rc1 $2 (55. Nc7+ Kd7 56. e6+ Kxc7 57. e7) 55... c4 56. Rxc4 Rxe5 57. Nxd4 Re3 58. Rxb4 Rxd3 59. Kg2 (59. Kf2 $16) 59... Kf7 60. Nf5 h5 61. Rb6 h4 62. b4 Rd5 63. Nh6+ Ke7 64. Ng8+ Kd8 65. Re6 g4 66. Re4 (66. Re2 $14) 66... Rd2+ $11 {The position is equal.} 67. Kg1 Rd1+ 68. Kg2 h3+ 69. Kg3 Rg1+ 70. Kh2 Rg2+ 71. Kh1 g3 72. Re3 Rh2+ 73. Kg1 Rg2+ 74. Kh1 Rh2+ {Accuracy: White = 37%, Black = 48%.} 1/2-1/2

[Event "94th FRA-ch Women 2019"]
[Site "Chartres"]
[Date "2019.08.17"]
[Round "1.2"]
[White "Navrotescu, Andreea-Cristiana"]
[Black "Safranska, Anda"]
[Result "1-0"]
[WhiteElo "2210"]
[BlackElo "2128"]
[Annotator "NA"]
[PlyCount "65"]
[EventDate "2019.08.17"]
[EventType "tourn"]
[EventCountry "FRA"]
[SourceTitle "playchess.com"]
[Source "ChessBase"]
[SourceQuality "1"]
[TimeControl "40/5400+30:1800+30"]

1. d4 {[%emt 0:00:00]} g6 {[%emt 0:00:00]} 2. c4 {[%emt 0:00:00]} Bg7 {[%emt 0:00:00]} 3. e4 {[%emt 0:00:01]} d6 {[%emt 0:00:00]} 4. Nc3 {[%emt 0:00:08]} e5 {[%emt 0:00:00]} 5. Nge2 {[%emt 0:01:44]} Nc6 {[%emt 0:03:46]} 6. Be3 {[%emt 0:00:08]} Nh6 {[%emt 0:13:31]} 7. f3 {[%emt 0:00:48]} f5 {[%emt 0:00:26]} 8. d5 {[%emt 0:00:38]} Ne7 {[%emt 0:00:15]} 9. Qd2 {[%emt 0:00:29]} Nf7 {[%emt 0:00:27]} 10. g3 {[%emt 0:00:57]} O-O {[%emt 0:06:06]} 11. Bg2 {[%emt 0:01:52]} c5 {[%emt 0:01:53]} 12. O-O {[%emt 0:08:02]} Kh8 {[%emt 0:01:09]} 13. a3 {[%emt 0:03:08]} Ng8 {[%emt 0:00:44]} 14. exf5 {[%emt 0:12:00]} Bxf5 {[%emt 0:02:16]} 15. g4 {[%emt 0:03:03]} Bd7 {[%emt 0:00:35]} 16. Ne4 {[%emt 0:00:14]} b6 {[%emt 0:02:48]} 17. N2g3 {[%emt 0:19:53]} Rb8 {[%emt 0:19:11]} 18. Rf2 {[%emt 0:03:39]} Qe7 {[%emt 0:08:09]} 19. Bf1 {[%emt 0:00:39]} Bh6 {[%emt 0:02:00]} 20. g5 {[%emt 0:00:32]} Bg7 {[%emt 0:00:07]} 21. Bd3 {[%emt 0:02:20]} Bf5 {[%emt 0:10:51]} 22. h4 {[%emt 0:01:17]} h5 {[%emt 0:09:38]} 23. gxh6 {[%emt 0:05:35]} Nfxh6 {[%emt 0:04:05]} 24. Bg5 {[%emt 0:03:25]} Qd7 {[%emt 0:04:03]} 25. Rh2 {[%emt 0:00:30]} Bxe4 {[%emt 0:00:30]} 26. Bxe4 {[%emt 0:00:37]} Nf5 {[%emt 0:00:10]} 27. h5 {[%emt 0:00:50]} Nge7 {[%emt 0:02:53]} 28. hxg6+ {[%emt 0:02:26]} Kg8 {[%emt 0:00:05]} 29. Bxe7 {[%emt 0:00:57]} Nxe7 {[%emt 0:03:11]} 30. Qg5 {[%emt 0:00:41]} Rf4 {[%emt 0:03:35]} 31. Rh7 {[%emt 0:04:17]} Bf6 {[%emt 0:02:16]} 32. Qh6 {[%emt 0:00:27]} Rxe4 {[%emt 0:00:44]} 33. Rh8+ {[%emt 0:00:35]} 1-0

[Event "94th FRA-ch Women 2019"]
[Site "Chartres"]
[Date "2019.08.17"]
[Round "1.3"]
[White "Leconte, Maria"]
[Black "Guichard, Pauline"]
[Result "1/2-1/2"]
[WhiteElo "2252"]
[BlackElo "2405"]
[Annotator "NA"]
[PlyCount "75"]
[EventDate "2019.08.17"]
[EventType "tourn"]
[EventCountry "FRA"]
[SourceTitle "playchess.com"]
[Source "ChessBase"]
[SourceQuality "1"]
[TimeControl "40/5400+30:1800+30"]

1. e4 {[%emt 0:00:00]} e5 {[%emt 0:00:00]} 2. Nf3 {[%emt 0:00:00]} Nc6 {[%emt 0:00:00]} 3. Nc3 {[%emt 0:00:00]} Nf6 {[%emt 0:00:02]} 4. Bb5 {[%emt 0:00:00]} Nd4 {[%emt 0:00:11]} 5. Nxd4 {[%emt 0:01:11]} exd4 {[%emt 0:00:10]} 6. e5 {[%emt 0:00:04]} dxc3 {[%emt 0:00:15]} 7. exf6 {[%emt 0:00:06]} Qxf6 {[%emt 0:00:08]} 8. dxc3 {[%emt 0:00:09]} Bc5 {[%emt 0:00:09]} 9. Qe2+ {[%emt 0:04:06]} Qe6 {[%emt 0:01:31]} 10. O-O {[%emt 0:02:02]} c6 {[%emt 0:13:49]} 11. Qh5 {[%emt 0:19:18]} d5 {[%emt 0:11:23]} 12. Bd3 {[%emt 0:00:37]} Qg4 {[%emt 0:02:58]} 13. Qe5+ {[%emt 0:07:19]} Kf8 {[%emt 0:08:05]} 14. Be3 {[%emt 0:17:45]} Be7 {[%emt 0:02:13]} 15. Bd4 {[%emt 0:04:14]} f6 {[%emt 0:02:46]} 16. Qe3 {[%emt 0:01:41]} b6 {[%emt 0:08:49]} 17. Rfe1 {[%emt 0:02:07]} Qd7 {[%emt 0:00:09]} 18. Re2 {[%emt 0:07:25]} Kf7 {[%emt 0:05:42]} 19. Rae1 {[%emt 0:08:24]} Bd6 {[%emt 0:00:39]} 20. b4 {[%emt 0:00:13]} Qc7 {[%emt 0:09:05]} 21. Qf3 {[%emt 0:01:00]} Bd7 {[%emt 0:04:30]} 22. c4 {[%emt 0:00:42]} Rae8 {[%emt 0:09:07]} 23. Qh5+ {[%emt 0:08:12]} g6 {[%emt 0:00:06]} 24. Qh4 {[%emt 0:00:26]} Be5 {[%emt 0:01:46]} 25. cxd5 {[%emt 0:01:35]} Bxd4 {[%emt 0:00:55]} 26. Qxd4 {[%emt 0:00:27]} Rxe2 {[%emt 0:00:31]} 27. Rxe2 {[%emt 0:00:26]} Qd6 {[%emt 0:00:04]} 28. c4 {[%emt 0:04:59]} Qxb4 {[%emt 0:04:11]} 29. h4 {[%emt 0:06:16]} Re8 {[%emt 0:02:57]} 30. Rxe8 {[%emt 0:00:57]} Bxe8 {[%emt 0:00:21]} 31. Qe4 {[%emt 0:00:37]} Qd6 {[%emt 0:02:43]} 32. h5 {[%emt 0:00:16]} f5 {[%emt 0:00:17]} 33. Qd4 {[%emt 0:00:53]} Qf6 {[%emt 0:07:08]} 34. Qf4 {[%emt 0:00:05]} Qe7 {[%emt 0:01:12]} 35. Kh2 {[%emt 0:01:08]} Kf6 {[%emt 0:01:47]} 36. hxg6 {[%emt 0:00:18]} hxg6 {[%emt 0:00:16]} 37. Qh4+ {[%emt 0:00:27]} Kf7 {[%emt 0:00:08]} 38. Qh7+ {[%emt 0:00:11]} 1/2-1/2

[Event "94th FRA-ch Women 2019"]
[Site "Chartres"]
[Date "2019.08.17"]
[Round "1.4"]
[White "Maisuradze, Nino"]
[Black "Richard, Emma"]
[Result "0-1"]
[WhiteElo "2203"]
[BlackElo "2104"]
[Annotator "NA"]
[PlyCount "94"]
[EventDate "2019.08.17"]
[EventType "tourn"]
[EventCountry "FRA"]
[SourceTitle "playchess.com"]
[Source "ChessBase"]
[SourceQuality "1"]
[TimeControl "40/5400+30:1800+30"]

1. d4 {[%emt 0:00:00]} Nf6 {[%emt 0:00:00]} 2. Nf3 {[%emt 0:00:00]} e6 {[%emt 0:00:00]} 3. Bf4 {[%emt 0:00:31]} d5 {[%emt 0:00:27]} 4. e3 {[%emt 0:03:00]} Bd6 {[%emt 0:01:43]} 5. Bg5 {[%emt 0:10:07]} h6 {[%emt 0:03:57]} 6. Bh4 {[%emt 0:01:23]} c5 {[%emt 0:01:38]} 7. c3 {[%emt 0:06:00]} Nbd7 {[%emt 0:03:09]} 8. Be2 {[%emt 0:02:01]} O-O {[%emt 0:02:14]} 9. O-O {[%emt 0:01:30]} Qc7 {[%emt 0:02:35]} 10. Nbd2 {[%emt 0:04:27]} Ne4 {[%emt 0:03:41]} 11. Rc1 {[%emt 0:04:23]} Nxd2 {[%emt 0:14:27]} 12. Qxd2 {[%emt 0:00:08]} c4 {[%emt 0:03:34]} 13. Bg3 {[%emt 0:02:51]} b5 {[%emt 0:05:23]} 14. Bd1 {[%emt 0:16:08]} a5 {[%emt 0:12:36]} 15. Bc2 {[%emt 0:01:52]} Bb7 {[%emt 0:11:59]} 16. Bb1 {[%emt 0:01:21]} Bxg3 {[%emt 0:03:21]} 17. hxg3 {[%emt 0:00:04]} Qd6 {[%emt 0:05:45]} 18. g4 {[%emt 0:13:39]} g6 {[%emt 0:19:26]} 19. Rce1 {[%emt 0:15:20]} Kg7 {[%emt 0:00:30]} 20. Qc2 {[%emt 0:05:23]} b4 {[%emt 0:00:52]} 21. Nd2 {[%emt 0:09:23]} Nf6 {[%emt 0:00:47]} 22. f3 {[%emt 0:00:28]} Rfc8 {[%emt 0:01:20]} 23. Kf2 {[%emt 0:00:34]} h5 {[%emt 0:00:11]} 24. g5 {[%emt 0:00:27]} Nd7 {[%emt 0:00:33]} 25. f4 {[%emt 0:00:26]} Rab8 {[%emt 0:01:42]} 26. Rh1 {[%emt 0:00:08]} Rh8 {[%emt 0:00:24]} 27. Nf3 {[%emt 0:00:36]} Bc6 {[%emt 0:00:35]} 28. Nh4 {[%emt 0:00:44]} bxc3 {[%emt 0:00:07]} 29. bxc3 {[%emt 0:00:12]} Qa3 {[%emt 0:00:11]} 30. Re2 {[%emt 0:00:20]} Ba4 {[%emt 0:00:09]} 31. Qd2 {[%emt 0:00:27]} Rb7 {[%emt 0:00:35]} 32. g4 {[%emt 0:01:31]} hxg4 {[%emt 0:00:27]} 33. f5 {[%emt 0:00:13]} Rxb1 {[%emt 0:01:32]} 34. f6+ {[%emt 0:00:28]} Kg8 {[%emt 0:00:25]} 35. Rxb1 {[%emt 0:00:09]} Rxh4 {[%emt 0:00:13]} 36. Kg1 {[%emt 0:01:10]} g3 {[%emt 0:00:26]} 37. Rg2 {[%emt 0:00:30]} Rg4 {[%emt 0:00:40]} 38. Qe1 {[%emt 0:00:31]} Qd6 {[%emt 0:00:22]} 39. e4 {[%emt 0:00:32]} dxe4 {[%emt 0:00:33]} 40. Rb7 {[%emt 0:00:24]} Bc6 {[%emt 0:00:44]} 41. Qe2 {[%emt 0:28:24]} Qf4 {[%emt 0:08:41]} 42. Rb1 {[%emt 0:00:41]} Qxg5 {[%emt 0:01:57]} 43. Rf1 {[%emt 0:02:19]} e3 {[%emt 0:03:21]} 44. Qxc4 {[%emt 0:00:10]} Qd5 {[%emt 0:03:37]} 45. Qxd5 {[%emt 0:00:14]} Bxd5 {[%emt 0:00:04]} 46. Re1 {[%emt 0:01:18]} Bxg2 {[%emt 0:00:15]} 47. Kxg2 {[%emt 0:00:01]} Nxf6 {[%emt 0:00:18]} 0-1

[Event "94th FRA-ch Women 2019"]
[Site "Chartres"]
[Date "2019.08.17"]
[Round "1.5"]
[White "Monpeurt, Cyrielle"]
[Black "Thomas, Anysia"]
[Result "1-0"]
[WhiteElo "2171"]
[BlackElo "2158"]
[Annotator "NA"]
[PlyCount "103"]
[EventDate "2019.08.17"]
[EventType "tourn"]
[EventCountry "FRA"]
[SourceTitle "playchess.com"]
[Source "ChessBase"]
[SourceQuality "1"]
[TimeControl "40/5400+30:1800+30"]

1. d4 {[%emt 0:00:00]} Nf6 {[%emt 0:00:00]} 2. Bf4 {[%emt 0:00:00]} g6 {[%emt 0:00:09]} 3. Nc3 {[%emt 0:00:22]} d5 {[%emt 0:00:13]} 4. e3 {[%emt 0:00:26]} Bg7 {[%emt 0:00:15]} 5. h4 {[%emt 0:01:04]} h5 {[%emt 0:01:36]} 6. Nf3 {[%emt 0:01:36]} Bg4 {[%emt 0:00:25]} 7. Qd2 {[%emt 0:00:48]} Bxf3 {[%emt 0:04:18]} 8. gxf3 {[%emt 0:00:06]} c6 {[%emt 0:00:22]} 9. O-O-O {[%emt 0:04:52]} Nbd7 {[%emt 0:12:45]} 10. e4 {[%emt 0:06:49]} e6 {[%emt 0:09:57]} 11. Kb1 {[%emt 0:12:17]} Nb6 {[%emt 0:05:24]} 12. Be5 {[%emt 0:13:19]} a5 {[%emt 0:14:23]} 13. Qf4 {[%emt 0:04:10]} Nbd7 {[%emt 0:05:55]} 14. Bd6 {[%emt 0:05:11]} Bh6 {[%emt 0:04:21]} 15. Qg3 {[%emt 0:00:40]} Bf8 {[%emt 0:01:21]} 16. Bxf8 {[%emt 0:05:42]} Nxf8 {[%emt 0:00:47]} 17. exd5 {[%emt 0:06:23]} Nxd5 {[%emt 0:13:08]} 18. Ne4 {[%emt 0:01:30]} Qb8 {[%emt 0:05:53]} 19. c4 {[%emt 0:03:19]} Qxg3 {[%emt 0:00:40]} 20. fxg3 {[%emt 0:00:03]} Ne3 {[%emt 0:01:13]} 21. Rd3 {[%emt 0:03:38]} Nxf1 {[%emt 0:02:47]} 22. Rxf1 {[%emt 0:00:04]} b6 {[%emt 0:05:54]} 23. d5 {[%emt 0:04:12]} O-O-O {[%emt 0:03:42]} 24. Rfd1 {[%emt 0:01:52]} exd5 {[%emt 0:01:42]} 25. cxd5 {[%emt 0:00:05]} f5 {[%emt 0:02:01]} 26. Nc3 {[%emt 0:02:16]} cxd5 {[%emt 0:01:33]} 27. Nxd5 {[%emt 0:00:17]} Kb7 {[%emt 0:01:03]} 28. Nf4 {[%emt 0:02:12]} Rxd3 {[%emt 0:00:30]} 29. Rxd3 {[%emt 0:00:04]} Rh7 {[%emt 0:00:28]} 30. Rd6 {[%emt 0:00:28]} Re7 {[%emt 0:01:28]} 31. Rf6 {[%emt 0:04:41]} Re8 {[%emt 0:00:33]} 32. Kc2 {[%emt 0:02:33]} b5 {[%emt 0:00:29]} 33. Kd3 {[%emt 0:02:17]} Rd8+ {[%emt 0:00:11]} 34. Ke3 {[%emt 0:01:23]} Re8+ {[%emt 0:00:39]} 35. Kd4 {[%emt 0:00:12]} Rd8+ {[%emt 0:00:33]} 36. Nd5 {[%emt 0:01:02]} Ka7 {[%emt 0:00:41]} 37. Rf7+ {[%emt 0:00:55]} Ka6 {[%emt 0:00:29]} 38. Re7 {[%emt 0:07:01]} Rd7 {[%emt 0:00:39]} 39. Rxd7 {[%emt 0:01:35]} Nxd7 {[%emt 0:00:04]} 40. Ne7 {[%emt 0:00:08]} Nf8 {[%emt 0:00:46]} 41. Ke5 {[%emt 0:30:19]} Nd7+ {[%emt 0:03:15]} 42. Kd6 {[%emt 0:00:00]} Nb6 {[%emt 0:10:37]} 43. b3 {[%emt 0:00:00]} b4 {[%emt 0:00:33]} 44. Nxg6 {[%emt 0:00:00]} a4 {[%emt 0:00:58]} 45. Kc5 {[%emt 0:00:00]} Ka5 {[%emt 0:02:34]} 46. Ne5 {[%emt 0:00:00]} axb3 {[%emt 0:02:13]} 47. axb3 {[%emt 0:00:00]} Nc8 {[%emt 0:00:37]} 48. Nc6+ {[%emt 0:00:00]} Ka6 {[%emt 0:00:04]} 49. Nxb4+ {[%emt 0:00:00]} Kb7 {[%emt 0:00:03]} 50. Nd5 {[%emt 0:00:00]} Ka6 {[%emt 0:01:08]} 51. b4 {[%emt 0:00:00]} Na7 {[%emt 0:00:30]} 52. Nf4 {[%emt 0:00:00]} 1-0

[Event "94th FRA-ch Women 2019"]
[Site "Chartres"]
[Date "2019.08.18"]
[Round "2.1"]
[White "Navrotescu, Andreea-Cristiana"]
[Black "Maisuradze, Nino"]
[Result "1/2-1/2"]
[WhiteElo "2210"]
[BlackElo "2203"]
[Annotator "NA"]
[PlyCount "57"]
[EventDate "2019.08.17"]
[EventType "tourn"]
[EventCountry "FRA"]
[SourceTitle "playchess.com"]
[Source "ChessBase"]
[SourceQuality "1"]
[TimeControl "40/5400+30:1800+30"]

1. d4 {[%emt 0:00:00]} d5 {[%emt 0:04:22]} 2. c4 {[%emt 0:00:00]} e6 {[%emt 0:00:05]} 3. Nc3 {[%emt 0:00:00]} Nf6 {[%emt 0:00:21]} 4. Bg5 {[%emt 0:00:28]} Be7 {[%emt 0:00:11]} 5. e3 {[%emt 0:02:36]} O-O {[%emt 0:01:56]} 6. cxd5 {[%emt 0:00:37]} exd5 {[%emt 0:00:42]} 7. Bd3 {[%emt 0:00:28]} c6 {[%emt 0:02:43]} 8. Qc2 {[%emt 0:00:40]} Nbd7 {[%emt 0:00:11]} 9. Nge2 {[%emt 0:00:50]} Re8 {[%emt 0:00:21]} 10. O-O {[%emt 0:03:52]} Nf8 {[%emt 0:00:28]} 11. Rae1 {[%emt 0:11:02]} Ne4 {[%emt 0:03:59]} 12. Bf4 {[%emt 0:06:56]} Nxc3 {[%emt 0:03:59]} 13. Nxc3 {[%emt 0:03:46]} Bg4 {[%emt 0:09:08]} 14. f3 {[%emt 0:13:30]} Bh5 {[%emt 0:00:21]} 15. Qf2 {[%emt 0:00:53]} Ne6 {[%emt 0:21:53]} 16. Bg3 {[%emt 0:03:15]} Bf6 {[%emt 0:02:31]} 17. Kh1 $11 {[%emt 0:08:27]} Bg6 {[%emt 0:09:34]} 18. Bxg6 {[%emt 0:01:33]} hxg6 {[%emt 0:00:01]} 19. Rd1 {[%emt 0:00:22]} a5 {[%emt 0:05:11]} 20. e4 {[%emt 0:01:56]} Qd7 {[%emt 0:16:17]} 21. Na4 {[%emt 0:10:08]} Bd8 {[%emt 0:01:14]} 22. Nc5 {[%emt 0:00:37]} Qc8 {[%emt 0:07:23]} 23. exd5 {[%emt 0:10:50]} cxd5 {[%emt 0:00:02]} 24. Rfe1 {[%emt 0:00:33]} Bf6 {[%emt 0:01:31]} 25. Nxe6 {[%emt 0:06:17]} Rxe6 {[%emt 0:00:01]} 26. Be5 {[%emt 0:00:16]} Raa6 {[%emt 0:03:17]} 27. f4 {[%emt 0:01:45]} Rac6 {[%emt 0:00:48]} 28. Kg1 {[%emt 0:12:23]} Qd7 {[%emt 0:05:30]} 29. Qf3 1/2-1/2

[Event "94th FRA-ch Women 2019"]
[Site "Chartres"]
[Date "2019.08.18"]
[Round "2.2"]
[White "Safranska, Anda"]
[Black "Milliet, Sophie"]
[Result "0-1"]
[WhiteElo "2128"]
[BlackElo "2397"]
[Annotator "NA"]
[PlyCount "92"]
[EventDate "2019.08.17"]
[EventType "tourn"]
[EventCountry "FRA"]
[SourceTitle "playchess.com"]
[Source "ChessBase"]
[SourceQuality "1"]
[TimeControl "40/5400+30:1800+30"]

1. e4 {[%emt 0:00:00]} c5 {[%emt 0:00:00]} 2. Nc3 {[%emt 0:00:00]} Nc6 {[%emt 0:00:00]} 3. g3 {[%emt 0:00:00]} g6 {[%emt 0:00:01]} 4. Bg2 {[%emt 0:00:04]} Bg7 {[%emt 0:00:04]} 5. d3 {[%emt 0:00:06]} d6 {[%emt 0:00:05]} 6. Be3 {[%emt 0:00:11]} e5 {[%emt 0:00:39]} 7. Qd2 {[%emt 0:00:09]} Nge7 {[%emt 0:00:44]} 8. Bh6 {[%emt 0:00:28]} Bxh6 $11 {[%emt 0:01:19]} 9. Qxh6 {[%emt 0:00:06]} Nd4 {[%emt 0:00:19]} 10. Qd2 {[%emt 0:03:45]} O-O {[%emt 0:08:16]} 11. h4 {[%emt 1:30:41]} h5 {[%emt 0:01:10]} 12. O-O-O {[%emt 0:00:00]} b5 {[%emt 0:04:06]} 13. Kb1 {[%emt 0:00:00]} b4 {[%emt 0:07:15]} 14. Nce2 {[%emt 0:00:00]} Nec6 {[%emt 0:02:28]} 15. Nc1 {[%emt 0:00:00]} a5 {[%emt 0:03:26]} 16. f4 {[%emt 0:00:00]} Bg4 {[%emt 0:11:03]} 17. Rf1 {[%emt 0:00:00]} a4 {[%emt 0:40:41]} 18. f5 {[%emt 0:00:00]} Kh7 {[%emt 0:02:10]} 19. Nh3 {[%emt 0:00:00]} f6 {[%emt 0:15:44]} 20. fxg6+ Kxg6 {[%emt 0:00:00]} 21. Nf2 {[%emt 0:00:00]} b3 {[%emt 0:01:00]} 22. cxb3 {[%emt 0:00:00]} axb3 {[%emt 0:00:00]} 23. a3 {[%emt 0:00:00]} Qa5 {[%emt 0:00:00]} 24. Qxa5 {[%emt 0:00:00]} Nxa5 {[%emt 0:00:00]} 25. Nxg4 {[%emt 0:00:00]} hxg4 {[%emt 0:00:00]} 26. Rf2 {[%emt 0:00:00]} c4 {[%emt 0:00:00]} 27. dxc4 {[%emt 0:00:00]} Nxc4 {[%emt 0:00:00]} 28. Bf1 {[%emt 0:00:00]} Ne3 {[%emt 0:02:12]} 29. Bd3 {[%emt 0:00:00]} Rab8 {[%emt 0:00:55]} 30. Ne2 {[%emt 0:02:43]} Nf3 {[%emt 0:00:11]} 31. Nc3 {[%emt 0:00:21]} Rfc8 {[%emt 0:00:16]} 32. Re2 {[%emt 0:04:46]} Nc4 {[%emt 0:00:20]} 33. Bxc4 {[%emt 0:00:10]} Rxc4 {[%emt 0:00:04]} 34. Rd1 {[%emt 0:00:27]} Rd4 {[%emt 0:00:19]} 35. Kc1 {[%emt 0:01:11]} Rc8 {[%emt 0:00:24]} 36. Re3 {[%emt 0:00:08]} f5 {[%emt 0:01:33]} 37. exf5+ Kxf5 38. Rdd3 {[%emt 0:01:59]} d5 {[%emt 0:00:59]} 39. Kd1 {[%emt 0:01:12]} Rxd3+ {[%emt 0:01:04]} 40. Rxd3 {[%emt 0:00:05]} d4 {[%emt 0:00:13]} 41. Nb5 {[%emt 0:31:58]} Rd8 {[%emt 0:15:28]} 42. Rxb3 {[%emt 0:00:00]} e4 {[%emt 0:00:22]} 43. Rb4 {[%emt 0:00:00]} e3 {[%emt 0:07:18]} 44. Ke2 {[%emt 0:00:00]} Ng1+ {[%emt 0:01:02]} 45. Kd3 {[%emt 0:00:00]} e2 {[%emt 0:00:28]} 46. Kd2 {[%emt 0:00:00]} d3 {[%emt 0:00:33]} 0-1